| 000 | 00505nam a2200193 u 4500 | ||
|---|---|---|---|
| 005 | 20240924071234.0 | ||
| 008 | 080609s2007 r 000 0 eng d | ||
| 020 | _a9788424119256 | ||
| 035 | _aUPN01000156662 | ||
| 049 | _aI | ||
| 050 | 4 |
_aPR4074 E8 _bP4.6 |
|
| 245 | 0 | 0 |
_aPeter pan / _bil. Gustavo Mazali. |
| 260 |
_aLeón, Esp. : _bEverest, _cc2007. |
||
| 300 |
_a16 p. : _bil. col. |
||
| 440 | 0 | _aGirasol | |
| 650 | 0 |
_aFantasía _911180 |
|
| 650 | 4 |
_aLiteratura infantil _94445 |
|
| 905 | _aInfantil | ||
| 999 |
_c128776 _d128776 |
||